Denver Nuggets 40 Point Games - Statistics

General Stats
  • This quiz has been taken 319 times
    42 since last reset
  • The average score is 8 of 20
Answer Stats
Player Max Nb % Correct
Jamal Murray 55 11
100%
Nikola Jokić 61 35
100%
Carmelo Anthony 50 19
88%
Aaron Gordon 50 1
83%
Allen Iverson 51 3
76%
Alex English 54 33
73%
David Thompson 73 17
61%
Dan Issel 47 3
44%
Antonio McDyess 46 3
37%
Kiki Vandeweghe 51 11
34%
Danilo Gallinari 47 2
32%
J.R. Smith 45 4
29%
Mahmoud Abdul-Rauf 51 1
22%
Michael Adams 54 6
17%
Walter Davis 41 1
15%
Nick Van Exel 44 4
12%
Orlando Woolridge 40 1
5%
George McGinnis 43 2
2%
Jay Vincent 42 1
2%
Linas Kleiza 41 1
2%
No matching quizzes found
Score Distribution
Percent of People with Each Score
Percentile by Number Answered
Your Score History
You have not taken this quiz since the last reset